000 01335nam a22003617a 4500
003 CHAP
005 20220817044110.0
008 060502d2006 mx r 00110 spa d
010 _a92129
011 _a93101
035 _a103672
040 _cCHAP
090 _aTesis
100 1 _aSerrano Rodríguez, Marina.
_9105243
245 1 0 _aEvaluación de la calidad nutricional de la vegetación para venado cola blanca (Odocoileus virginianus) en la Estación Forestal Experimental Zoquiapan
_c/por Marina Serrano Rodríguez
260 _aChapingo, Méx. :
_bEl autor,
_c2006.
300 _a54 h.
502 _aTesis (Ing. Agr. Esp. en Zootecnia) - - UACH. Departamento de Zootecnia
590 _aALEPH
_b10
_c20130110
_lUCH01
_h1511
590 _aBATCH-UPD
_b10
_c20130110
_lUCH01
_h0818
590 _aBATCH-UPD
_b10
_c20130410
_lUCH01
_h0455
590 _aBATCH-UPD
_b10
_c20130914
_lUCH01
_h1845
590 _aCONVERSION
_b10
_c20130109
_lUCH01
_h1351
650 1 4 _aNutrición animal.
650 1 4 _aOdocoileus virginianus.
_982732
650 1 4 _aPlantas
_xValor nutritivo
_xAnálisis.
_988895
650 1 4 _aVenados
_xNutrición.
_9118665
901 _aBK
905 _aLilia
942 _cFOLL
949 _aTesis
_bBC
_cTES
_d33724000985610
_eTS1
_h45055
_i103672
_sb
949 _aTesis
_bBC
_cTES
_d33724000985677
_eTS2
_fc.2
_h45056
_i103672
_si
999 _c92129
_d92129